000 00604nam a22002177a 4500
003 OSt
005 20171020193321.0
008 130819b xxu||||| |||| 00| 0 eng d
020 _a0-1992-6091-5
040 _aLDCLIB
_cLDCLIB
082 _221
_a341.481082
_bGEN
245 _aGender and Human Rights /
_cedited by Karen Knop.
260 _aUSA :
_bOxford university press,
_c2004.
300 _aix, 256 p. ;
_c24 cm.
500 _aIncludes Index
650 _a Human rights
650 _a Feminist jurisprudence
650 _aGender and human rights
700 _aKnop, Karen.
942 _2ddc
_cBK
999 _c5494
_d5494